000 00656nam a22002177a 4500
003 UA-OsUOA
001 109962
007 ta
008 20150216b un ||||| |||| 00| 0 ukr d
100 _aМушкетик Ю.
090 _a94(477)
_bМ93
942 _cSA
040 _aUA-OsUOA
_bukr
_cUA-OsUOA
_dUA-OsUOA
245 _aЗвідки пішла земля Руська і хто ми такі? Як московити украли нашу назву і нашу історію?
300 _aС.8
955 _a0
041 _aukr
080 _a94(477)
773 0 _w109961
650 7 _a9 Географія. Біографії. Історія
_2UDC
999 _c395816
_d395816